000
00296nam a2200121Ia 4500
005
20251222141833.0
008
251222s9999||||xx |||||||||||||| ||spa||
082
_a
598/N94
100
_a
Nuñez Díaz, Laura
245
0
_a
Aves de los Humedales de Ventanilla:
264
_b
Alternativa
942
_c
LIB
999
_c
7166
_d
7166